00962 2200325 4500001002100000005001500021035002000036007000300056008004100059020002900100040002200129082001500151084001700166090001700183100002400200245009000224250002600314300004200340650003100382700002000413700002100433850001200454504002900466264002700495336002100522337003000543338002300573990002000596990002000616INLIS00000000085322520191126030323 a0010-1119000633ta191126s2016 jkia g ind d a979-0-9013944-0-7 (ISMN) aYOPDYOGbinderda04223a782.42 a782.42 NAD k a782.42 NAD k0 aNada Iramaepenulis10aKitab kumpulan lagu anak Indonesia super lengkap /cNada Irama; penyunting, Sam, Alwi aCetakan pertama, 2016 avi, 130 halaman :bilustrasi ;c23 cm 4aNyanyian anak--zIndonesia0 aSamepenyunting aAlwiepenyunting aYOPDYOG abibliografi halaman: 12934aJakarta :bIlmu,c2016 2rdacontentateks 2rdamediaatanpa perantara 2rdacarrieravolume a64750-PD/A.2019 a64751-PD/A.2019